[Event "Challenge"]
[Site "http://www.queenalice.com/game.php?id=1453541"]
[Date "2016.12.5"]
[Round "-"]
[White "Daniel1962"]
[Black "Rossini"]
[Result "1/2-1/2"]
[WhiteElo "1701"]
[BlackElo "1629"]

1. d4 c6 2. Bf4 d6 3. e4 h6 4. Nf3 Bg4 5. d5 a6 6. Nbd2 g5 7. Be3 Bg7 8. c3 cxd5
9. exd5 b5 10. h3 Bh5 11. Ne4 Bg6 12. Bd3 Nd7 13. O-O Bh5 14. Ng3 Bxf3 15. Qxf3
Ne5 16. Qe2 Nxd3 17. Qxd3 Be5 18. Nh5 Nf6 19. Ng7+ Kf8 20. Nf5 Qd7 21. Rac1 Rc8
22. a3 Qb7 23. f4 gxf4 24. Bxf4 Bxf4 25. Rxf4 Qxd5 26. Qg3 Rg8 27. Qh2 h5 28.
Nh6 Rg6 29. Nf5 Rc6 30. Ne3 Qc5 31. Rf3 Nd5 32. Re1 Nxe3 33. Rfxe3 Re6 34. Qg3
Rxe3 35. Rxe3 a5 36. Kh1 b4 37. axb4 axb4 38. cxb4 Qxb4 39. b3 Rc1+ 40. Kh2 Rc5
41. Qf3 e6 42. Rxe6 Re5 43. Rf6 Re7 44. Qxh5 Ke8 45. Qf3 Rb7 46. Qe3+ Kf8 47.
Rh6 f5 48. Rh8+ Kf7 49. Qe8+ Kf6 50. Rf8+ Kg5 51. Rg8+ Kf4 52. Rg3 Qe4 53. Rf3+
Kg5 54. Qd8+ Qe7 55. Qg8+ Kf6 56. g4 Qe2+ 57. Kg3 Qe1+ 58. Kg2 Qe2+ 59. Kg3 Qe1+
60. Rf2 Qg1+ 1/2-1/2

[Event "Challenge"]
[Site "http://www.queenalice.com/game.php?id=1454770"]
[Date "2016.12.14"]
[Round "-"]
[White "Rossini"]
[Black "Daniel1962"]
[Result "1-0"]
[WhiteElo "1641"]
[BlackElo "1738"]

1. e4 c5 2. Nf3 e6 3. Bc4 Nf6 4. d3 Bd6 5. e5 Bxe5 6. Nxe5 O-O 7. Bg5 Nc6 8.
Nxc6 dxc6 9. Nd2 Ng4 10. Bxd8 Nxf2 11. Kxf2 Rxd8 12. Qh5 b5 13. Nf3 bxc4 14. Ng5
h6 15. Qxf7+ Kh8 16. Nxe6 Bxe6 17. Qxe6 Rf8+ 18. Kg3 cxd3 19. cxd3 Rae8 20. Qxc6
Re3+ 21. Kg4 Kh7 22. Rhf1 Rb8 23. Qxc5 Rxb2 24. Qf5+ Kg8 25. Rf2 Rb4+ 26. Kh5
Rb6 27. Raf1 Ree6 28. Qf7+ Kh7 29. Qxe6 Rxe6 30. Rf7 Ra6 31. R1f2 Ra3 32. d4 Rd3
33. Rxa7 Rxd4 34. Rff7 Rd5+ 35. Kg4 h5+ 36. Kh4 Kh6 37. Rxg7 Rd4+ 38. Kg3 h4+
39. Kf3 Rd2 40. Rh7+ Kg5 41. Rag7+ Kf5 42. Rxh4 Rxa2 43. Rf4+ Ke6 44. Rg6+ Kd5
45. Rf5+ Kd4 46. Rd6+ Kc4 47. h4 Ra3+ 48. Kg4 Ra8 49. Rc6+ Kd4 50. h5 Rg8+ 51.
Kh3 Ke4 52. Ra5 Kf4 53. g3+ Rxg3+ 54. Kh2 Kg4 55. Rc4+ Kf3 56. Ra3+ 1-0

[Event "I Classic Chess"]
[Site "http://www.queenalice.com/game.php?id=1468035"]
[Date "2017.3.8"]
[Round "1"]
[White "Rossini"]
[Black "tariann"]
[Result "0-1"]
[WhiteElo "1712"]
[BlackElo "2195"]

1. e4 e5 2. Nf3 Nc6 3. Bc4 f5 4. exf5 e4 5. Ng1 Nf6 6. d3 d5 7. Bb5 Bxf5 8. Bg5
Be7 9. Ne2 O-O 10. Nd2 exd3 11. cxd3 a6 12. Bxc6 bxc6 13. Nb3 Qe8 14. a3 Qg6 15.
Bxf6 Bxf6 16. Nf4 Rae8+ 17. Kf1 Qg5 18. g3 Bxb2 19. Ra2 Be5 20. Ng2 Bg4 21. Qc2
Bh3 22. Qxc6 Bd6 23. Qxa6 Qf5 24. Kg1 Qf3 0-1

[Event "I Classic Chess"]
[Site "http://www.queenalice.com/game.php?id=1472577"]
[Date "2017.4.9"]
[Round "2"]
[White "arcibaldo"]
[Black "Rossini"]
[Result "1-0"]
[WhiteElo "2236"]
[BlackElo "1712"]

1. e4 c5 2. Nf3 Nc6 3. d4 cxd4 4. Nxd4 Qc7 5. Nc3 a6 6. g3 e6 7. Bg2 h6 8. Nb3
Be7 9. O-O Nf6 10. f4 O-O 11. Be3 d6 12. Nd4 Bd7 13. h3 Rad8 14. Qd3 e5 15. Nde2
exf4 16. Nxf4 Ne5 17. Qd1 Nh7 18. Ncd5 Qa5 19. Bb6 Qa4 20. Nxe7+ Kh8 21. Qxd6
Bxh3 22. Qxe5 Bxg2 23. Neg6+ Kg8 24. Ne7+ Kh8 25. Nfg6+ fxg6 26. Nxg6+ Kg8 27.
Qe6+ 1-0

[Event "Challenge"]
[Site "http://www.queenalice.com/game.php?id=1474828"]
[Date "2017.4.23"]
[Round "-"]
[White "mvson33"]
[Black "Rossini"]
[Result "1-0"]
[WhiteElo "1722"]
[BlackElo "1774"]

1. Nf3 d5 2. d4 Bf5 3. Bf4 e6 4. h3 h6 5. e3 Nd7 6. Bd3 Bxd3 7. Qxd3 a6 8. O-O
Ngf6 9. c4 dxc4 10. Qxc4 Nd5 11. Bh2 Bd6 12. Nc3 Bxh2+ 13. Kxh2 N7f6 14. Nxd5
Nxd5 15. Rac1 c6 16. Rc2 O-O 17. Ne5 Qh4 18. Rfc1 g5 19. a3 Kg7 20. Nf3 Qe4 21.
Ne5 Rac8 22. Qb3 Rc7 23. Nf3 g4 24. hxg4 Qxg4 25. Ne5 Qh5+ 26. Kg1 f6 27. Nf3
Rg8 28. Kf1 Kf8 29. e4 Nf4 30. g3 Qh3+ 31. Ke1 Ng2+ 32. Kd2 e5 33. dxe5 Rd7+ 34.
Ke2 fxe5 35. Nxe5 Re7 36. Qf3+ Kg7 37. Nd3 Rge8 38. e5 Rd8 39. Qf6+ 1-0

[Event "Challenge"]
[Site "http://www.queenalice.com/game.php?id=1478239"]
[Date "2017.5.15"]
[Round "-"]
[White "thbn"]
[Black "Rossini"]
[Result "0-1"]
[WhiteElo "1718"]
[BlackElo "1736"]

1. e4 e6 2. Nf3 h6 3. d4 a6 4. Be2 c6 5. O-O Be7 6. Nc3 d5 7. exd5 cxd5 8. Bd3
Nc6 9. a3 Bf6 10. Be3 Qb6 11. Rb1 Bd7 12. Qe2 Nge7 13. Kh1 Nxd4 14. Nxd4 Bxd4
15. Nd1 Bxe3 16. fxe3 Qc7 17. Qf3 O-O 18. Nf2 e5 19. Qg3 f6 20. Ng4 Bxg4 21.
Qxg4 e4 22. Be2 Qxc2 23. Rbe1 f5 24. Qg3 Qxb2 25. Qd6 Qf6 26. Qc7 b5 27. Bh5 g6
28. Bd1 h5 29. Bb3 Qb2 30. Qxe7 Qxb3 31. Qe6+ Kg7 32. Rc1 Ra7 33. Qe5+ Kh6 34.
Qf4+ Kh7 35. Rc6 Qxa3 36. Qg5 Rg8 37. Rfc1 Qe7 38. Qg3 g5 39. Qf2 Qf7 40. Qb2 f4
41. Rf6 Qe8 42. Rcc6 Rgg7 43. Rh6+ Kg8 44. Qf6 Raf7 45. Qd4 fxe3 46. h3 Rf1+ 47.
Kh2 Qb8+ 48. Rcd6 Rff7 49. Qxd5 e2 50. g3 Qxd6 51. Rxd6 Kh7 52. Qxe4+ Kg8 53.
Rd8+ Rf8 54. Qe6+ Rf7 55. Qg6+ Rg7 56. Qe6+ Rf7 57. Qg6+ Rg7 58. Qe6+ Rf7 59.
Qg6+ Rg7 60. Rxf8+ Kxf8 61. Qf6+ Rf7 62. Qh6+ Ke8 63. Qh8+ Kd7 64. Qd4+ Kc8 65.
Qh8+ Kb7 66. Qa1 Re7 67. Qe1 a5 68. Qh1+ Kb6 69. Qg1+ Ka6 70. Qe1 a4 71. Qa1
e1=Q 72. Qf6+ Re6 73. Qxe6+ Qxe6 74. Kg2 Qe2+ 75. Kg1 a3 76. Kh1 a2 77. g4 a1=Q#
0-1

[Event "Challenge"]
[Site "http://www.queenalice.com/game.php?id=1478414"]
[Date "2017.5.17"]
[Round "-"]
[White "Rossini"]
[Black "Nias"]
[Result "1-0"]
[WhiteElo "1789"]
[BlackElo "1781"]

1. e4 e5 2. Nf3 Qf6 3. Be2 Bc5 4. O-O h6 5. c3 Nc6 6. h3 g5 7. Nh2 d6 8. Bg4
Nge7 9. Bh5 Be6 10. Bg4 Bxg4 11. Nxg4 Qg6 12. d3 a6 13. a3 Ba7 14. Nd2 h5 15.
Nh2 O-O-O 16. b4 b5 17. a4 f5 18. axb5 axb5 19. Qe2 f4 20. Nb3 Rdf8 21. d4 g4
22. hxg4 hxg4 23. Qxg4+ Qxg4 24. Nxg4 exd4 25. cxd4 Bxd4 26. Ra8+ Kd7 27. Rxf8
Rxf8 28. Rd1 Bc3 29. Bd2 Bxb4 30. e5 d5 31. Nf6+ Ke6 32. Bxb4 Nxb4 33. Nd4+ Kxe5
34. Nd7+ Kd6 35. Nxf8 c5 36. Nxb5+ Kc6 37. Nc3 Nf5 38. Ng6 f3 39. Ne5+ Kd6 40.
Nxf3 d4 41. Ne4+ Kd5 42. Neg5 d3 43. Ne1 c4 44. Nh3 Nd4 45. Nf4+ Ke4 46. g3 Nd5
47. Nxd5 Kxd5 48. f4 Nb5 49. Nxd3 cxd3 50. Rxd3+ Ke4 51. Rb3 Nd6 52. Rb4+ Kf3
53. Kh2 Kg4 54. Rb6 Nf5 55. Rg6+ Kh5 56. Rg5+ Kh6 57. Rxf5 Kg6 58. Ra5 Kh6 59.
f5 Kg5 60. g4 Kf6 61. Ra6+ Kg5 62. f6 Kg6 63. g5 Kf7 64. Ra7+ Kg6 65. f7 Kg7 66.
g6 Kf8 67. Ra8+ Kg7 68. f8=Q+ Kxg6 69. Qd6+ Kf5 70. Ra5+ Ke4 71. Qb4+ 1-0

[Event "Challenge"]
[Site "http://www.queenalice.com/game.php?id=1482304"]
[Date "2017.6.14"]
[Round "-"]
[White "Dinda54"]
[Black "Rossini"]
[Result "0-1"]
[WhiteElo "1755"]
[BlackElo "1763"]

1. e4 e6 2. Nf3 c6 3. Bc4 d5 4. exd5 cxd5 5. Be2 Bd6 6. O-O Nf6 7. Bb5+ Bd7 8.
Bxd7+ Nbxd7 9. d4 h6 10. Nc3 a6 11. Ne2 O-O 12. Qd3 Rc8 13. Qb3 Qc7 14. g3 b5
15. a4 Qxc2 16. Qxc2 Rxc2 17. Re1 Ne4 18. Nf4 Nxf2 19. Be3 Ne4 20. axb5 axb5 21.
Ra7 Ndf6 22. Rb1 Ng4 23. Re1 Rxb2 24. h3 Nxe3 25. Rxe3 Nxg3 26. Ng2 Rc8 27. Nge1
Rc1 28. Ra8+ Kh7 29. Ne5 Bxe5 30. dxe5 Re2 31. Rxe2 Nxe2+ 32. Kf1 Nf4 33. Ra3 b4
34. Rb3 g5 35. Rxb4 Rxe1+ 36. Kxe1 Nd3+ 37. Ke2 Nxb4 38. Kd2 Nc6 39. Kd3 Nxe5+
40. Kd4 Ng6 41. Kd3 Nf4+ 42. Ke3 Nxh3 43. Kf3 f5 44. Kg2 g4 45. Kg3 d4 46. Kg2
d3 47. Kf1 g3 48. Kg2 d2 49. Kxh3 d1=Q 50. Kxg3 Qg4+ 51. Kf2 f4 52. Kf1 f3 53.
Ke1 Qg1+ 0-1

[Event "Septiembre"]
[Site "http://www.queenalice.com/game.php?id=1494075"]
[Date "2017.9.11"]
[Round "-"]
[White "Rossini"]
[Black "Copelipon"]
[Result "0-1"]
[WhiteElo "1778"]
[BlackElo "1799"]

1. e4 c5 2. Nf3 Nc6 3. Bb5 g6 4. O-O Bg7 5. c3 Nf6 6. Qc2 O-O 7. b3 d6 8. d4
cxd4 9. cxd4 Bd7 10. Bb2 Rc8 11. Qe2 a6 12. Bd3 Nb4 13. Nbd2 Nh5 14. g3 b5 15.
a4 Qb6 16. Bb1 e6 17. Ba3 Nc2 18. Bxc2 Rxc2 19. Rfc1 Rfc8 20. Rxc2 Rxc2 21. Qd3
Qc7 22. Nc4 Rxc4 23. bxc4 bxc4 24. Qc2 d5 25. Re1 Nf6 26. exd5 exd5 27. Ne5 Qa5
28. Ra1 Bxa4 29. Qb2 Bb5 30. Bc5 Qc7 31. f4 Ne4 32. Bb4 Qb6 33. Kg2 f6 34. Nf3
h6 35. Bc3 Qe6 36. Re1 g5 37. fxg5 hxg5 38. Nd2 f5 39. Nf3 Qd6 40. Bb4 Qb6 41.
Be7 g4 42. Ne5 c3 43. Qa2 Qxd4 0-1

[Event "Challenge"]
[Site "http://www.queenalice.com/game.php?id=1495499"]
[Date "2017.9.20"]
[Round "-"]
[White "Rossini"]
[Black "knight576"]
[Result "0-1"]
[WhiteElo "1814"]
[BlackElo "2160"]

1. e4 e6 2. Nf3 c5 3. b3 d5 4. e5 Nc6 5. Bb2 Nge7 6. d4 cxd4 7. Bb5 Qa5+ 8. Nc3
dxc3 9. Bxc6+ bxc6 10. Bc1 Ba6 11. Be3 c5 12. a3 Ng6 13. b4 Qc7 14. bxc5 Nxe5
15. Bd4 Ng6 16. g3 e5 17. Bxc3 d4 18. Bb4 Be7 19. Qd2 O-O 20. c3 Qc6 21. Qd1 Bb7
0-1

[Event "Challenge"]
[Site "http://www.queenalice.com/game.php?id=1495500"]
[Date "2017.9.20"]
[Round "-"]
[White "Rossini"]
[Black "knight576"]
[Result "0-1"]
[WhiteElo "1789"]
[BlackElo "2178"]

1. e4 c5 2. b3 e5 3. Bb2 a6 4. Bc4 d6 5. h4 Nf6 6. Nc3 Nc6 7. Nf3 Bg4 8. Be2 Nh5
9. Ng5 Bxe2 10. Nxe2 Be7 11. Nf3 Qd7 12. g3 Qg4 13. Nc3 Nd4 14. Nxd4 Qxd1+ 15.
Rxd1 cxd4 16. Nd5 Rc8 17. Nxe7 Kxe7 18. Rc1 g6 19. d3 Rc6 20. a4 f5 21. Kd2 Nf6
22. exf5 gxf5 23. Rhe1 Kf7 24. b4 b5 25. f3 Rg8 26. Rg1 Nd5 27. c3 dxc3+ 28.
Bxc3 Rgc8 29. axb5 axb5 30. Bb2 Nxb4 31. Rxc6 Rxc6 32. Bc3 Nd5 33. Bb2 b4 34. g4
Ke6 35. gxf5+ Kxf5 36. Rg5+ Kf4 37. d4 b3 38. dxe5 Rc2+ 0-1

[Event "Challenge"]
[Site "http://www.queenalice.com/game.php?id=1496196"]
[Date "2017.9.23"]
[Round "-"]
[White "Lordul"]
[Black "Rossini"]
[Result "1-0"]
[WhiteElo "1825"]
[BlackElo "1811"]

1. d4 g6 2. Bf4 Bg7 3. e3 d6 4. c3 Nd7 5. h4 a6 6. a4 e5 7. Bg3 f5 8. f4 exd4 9.
cxd4 Ne7 10. h5 Nd5 11. Bf2 c5 12. Bc4 Qa5+ 13. Kf1 N5f6 14. Nc3 Nxh5 15. Be6
cxd4 16. exd4 Nxf4 17. Bxd7+ Bxd7 18. Nf3 Bc6 19. g3 Nd5 20. Qc2 Nxc3 21. bxc3
Bxf3 22. Rh2 d5 23. Be3 Rc8 24. Ra3 b5 25. Qb3 Bf8 26. axb5 Qxa3 27. Qxa3 Bxa3
28. Bd2 O-O 29. bxa6 Rfe8 30. Rf2 Bg4 31. a7 Ra8 32. Bf4 Rxa7 33. Ra2 Rea8 34.
Rc2 Bf8 35. Ke1 Ra1+ 36. Kf2 R1a2 37. Rxa2 Rxa2+ 38. Ke3 h5 39. Kd3 Be7 40. c4
1-0

[Event "Kasparov x Fischer"]
[Site "http://www.queenalice.com/game.php?id=1503876"]
[Date "2017.11.16"]
[Round "-"]
[White "bobifixer"]
[Black "Rossini"]
[Result "1/2-1/2"]
[WhiteElo "1934"]
[BlackElo "1763"]

1. c4 g6 2. d4 Bg7 3. Nf3 d6 4. g3 c6 5. Bg2 Bg4 6. O-O Nd7 7. Nbd2 e6 8. Qc2
Ne7 9. Rb1 O-O 10. b3 a5 11. a4 Rc8 12. Bb2 b5 13. Qd1 bxa4 14. bxa4 f5 15. Nb3
c5 16. dxc5 Nxc5 17. Nxc5 Rxc5 18. Bxg7 Kxg7 19. Nd4 Rf6 20. Qc2 Qc7 21. Rfc1 d5
22. Qd2 dxc4 23. Nb5 Qe5 24. Rc3 Qxe2 25. Qd6 Nd5 26. Qxc5 f4 27. Nd4 Qd2 28.
Rxc4 Nb4 29. Qc7+ Kh6 30. Qxa5 fxg3 31. fxg3 Qf2+ 32. Kh1 Nd3 33. Rf1 Qxf1+ 34.
Bxf1 Rxf1+ 35. Kg2 Rf2+ 36. Kg1 Bh3 37. Rc1 Rg2+ 38. Kf1 Rf2+ 39. Kg1 Rg2+ 40.
Kf1 Rxh2+ 41. Kg1 Rg2+ 42. Kf1 Rf2+ 1/2-1/2

[Event "Challenge"]
[Site "http://www.queenalice.com/game.php?id=1506925"]
[Date "2017.12.5"]
[Round "-"]
[White "Equiferus"]
[Black "Rossini"]
[Result "1-0"]
[WhiteElo "1821"]
[BlackElo "1810"]

1. Nf3 g6 2. d4 Bg7 3. e4 d6 4. Bc4 c6 5. Ng5 e6 6. O-O h6 7. Nxf7 Kxf7 8. Qf3+
Ke8 9. d5 cxd5 10. exd5 e5 11. Re1 Bf5 12. Bb5+ Nd7 13. c4 a6 14. Ba4 Ne7 15.
Nc3 Rc8 16. Ne4 Bxe4 17. Qxe4 Kf7 18. b4 Nf5 19. g4 Nd4 20. Qd3 Nf6 21. f3 b5
22. cxb5 axb5 23. Bxb5 Nxd5 24. Bc4 Rxc4 25. Qxc4 Nxf3+ 26. Kf2 Nxe1 27. Qxd5+
Ke8 28. Kxe1 Qh4+ 29. Ke2 Qxh2+ 30. Kd1 Qg1+ 31. Kc2 Qb6 32. Bd2 Qxb4 33. Bxb4
1-0

[Event "Challenge"]
[Site "http://www.queenalice.com/game.php?id=1506927"]
[Date "2017.12.5"]
[Round "-"]
[White "Rossini"]
[Black "Equiferus"]
[Result "0-1"]
[WhiteElo "1793"]
[BlackElo "1837"]

1. d4 e6 2. Bf4 Nf6 3. c4 d5 4. cxd5 exd5 5. e3 Bb4+ 6. Nc3 Ne4 7. Qc2 Bf5 8.
Qb3 Bxc3+ 9. bxc3 b6 10. Nf3 O-O 11. Rc1 c5 12. a4 c4 13. Qa3 Nc6 14. Be2 Na5
15. O-O Nb3 16. Rb1 h6 17. Bd1 Nbd2 18. Nxd2 Nxd2 19. Rxb6 Nxf1 20. Rd6 Qa5 21.
Kxf1 Rfd8 22. g4 Bd3+ 23. Kg1 Rxd6 24. Bxd6 Re8 25. Be5 f6 26. Bf4 g5 27. Bg3
Qb6 28. Kg2 Qb1 29. Qd6 Be4+ 30. Bf3 Bxf3+ 31. Kxf3 Qe4+ 32. Ke2 Qe6 33. Qxe6+
Rxe6 0-1

[Event "Chess II"]
[Site "http://www.queenalice.com/game.php?id=1508553"]
[Date "2017.12.19"]
[Round "2"]
[White "HakunaMatata"]
[Black "Rossini"]
[Result "1-0"]
[WhiteElo "2225"]
[BlackElo "1788"]

1. e4 c5 2. d4 cxd4 3. c3 dxc3 4. Nxc3 e6 5. Nf3 h6 6. Bc4 a6 7. a4 Nc6 8. O-O
Qc7 9. Qe2 Bc5 10. Rd1 Nf6 11. h3 O-O 12. e5 Nh7 13. Bf4 f6 14. Rd2 f5 15. Rc1
Bb4 16. Rdc2 Na5 17. Na2 Qb6 18. Be3 Bc5 19. Bxc5 Qd8 20. Bxf8 Qxf8 21. b4 1-0

[Event "Chess II"]
[Site "http://www.queenalice.com/game.php?id=1522823"]
[Date "2018.4.8"]
[Round "3"]
[White "Rossini"]
[Black "arcibaldo"]
[Result "0-1"]
[WhiteElo "1770"]
[BlackElo "2401"]

1. d4 Nf6 2. Nf3 e6 3. Bf4 d5 4. a3 c5 5. e3 Nc6 6. Bb5 Qa5+ 7. Nc3 Ne4 8. Bxc6+
bxc6 9. dxc5 Nxc3 10. bxc3 Qxc3+ 11. Qd2 Qxa1+ 0-1

[Event "Challenge"]
[Site "http://www.queenalice.com/game.php?id=1525495"]
[Date "2018.4.30"]
[Round "-"]
[White "Dinda54"]
[Black "Rossini"]
[Result "1-0"]
[WhiteElo "1708"]
[BlackElo "1788"]

1. e4 g6 2. Qf3 Bg7 3. Bc4 e6 4. Ne2 Nc6 5. O-O Ne5 6. Qb3 Nxc4 7. Qxc4 c6 8.
Nbc3 a6 9. d4 d6 10. Na4 Bd7 11. Be3 b5 12. Qb4 Qh4 13. Qxd6 Qxe4 14. Nb6 Rd8
15. Ng3 Qxc2 16. Bg5 f6 17. Nxd7 Rxd7 18. Qxe6+ Re7 19. Qc8+ 1-0